| 000 | 01301nam a2200337Ia 4500 | ||
|---|---|---|---|
| 001 | ebr10660445 | ||
| 003 | CaPaEBR | ||
| 006 | m u | ||
| 007 | cr cn||||||||| | ||
| 008 | 090326s2009 nyua sb 001 0 eng d | ||
| 010 | _z 2009011894 | ||
| 020 | _z1607410796 (hardcover) | ||
| 020 | _z9781607410799 (hardcover) | ||
| 020 | _z9781608765614 | ||
| 040 |
_aCaPaEBR _cCaPaEBR |
||
| 035 | _a(OCoLC)593305707 | ||
| 050 | 1 | 4 |
_aHQ1088 _b.M374 2009eb |
| 082 | 0 | 4 |
_a305.31 _222 |
| 245 | 0 | 0 |
_aMasculinity _h[electronic resource] : _bgender roles, characteristics and coping / _cZachary D. Buchholz and Samantha K. Boyce, editors. |
| 260 |
_aNew York : _bNova Science Publishers, _cc2009. |
||
| 300 |
_axii, 307 p. : _bill. (some col.) |
||
| 504 | _aIncludes bibliographical references and index. | ||
| 533 |
_aElectronic reproduction. _bPalo Alto, Calif. : _cebrary, _d2013. _nAvailable via World Wide Web. _nAccess may be limited to ebrary affiliated libraries. |
||
| 650 | 0 | _aMasculinity. | |
| 650 | 0 | _aSex role. | |
| 655 | 7 |
_aElectronic books. _2local |
|
| 700 | 1 | _aBuchholz, Zachary D. | |
| 700 | 1 | _aBoyce, Samantha K. | |
| 710 | 2 | _aebrary, Inc. | |
| 856 | 4 | 0 |
_uhttp://site.ebrary.com/lib/rucke/Doc?id=10660445 _zAn electronic book accessible through the World Wide Web; click to view |
| 999 |
_c67782 _d67782 |
||